Rubén Darío en la métrica española y otros ensayos / (Record no. 56388)

MARC details
000 -LEADER
campo de control de longitud fija 00753nam a2200205 i 4500
001 - NÚMERO DE CONTROL
campo de control 56388
003 - IDENTIFICADOR DE NÚMERO DE CONTROL
campo de control ES-MaACL
005 - FECHA Y HORA DE LA ÚLTIMA TRANSACCIÓN
campo de control 20240420063024.0
007 - CAMPO FIJO DE DESCRIPCIÓN FÍSICA--INFORMACIÓN GENERAL
campo de control de longitud fija t|
008 - DATOS DE LONGITUD FIJA--INFORMACIÓN GENERAL
campo de control de longitud fija 031008s1985 sp ||||1| spa d
020 ## - NÚMERO INTERNACIONAL ESTÁNDAR DEL LIBRO
Número Internacional Estándar del Libro 84-86031-80-X
100 1# - ENTRADA PRINCIPAL--NOMBRE DE PERSONA
Nombre de persona Díez de Revenga, Francisco Javier,
Fechas asociadas al nombre 1946-
9 (RLIN) 44713
245 10 - MENCIÓN DEL TÍTULO
Título Rubén Darío en la métrica española y otros ensayos /
Mención de responsabilidad, etc. Francisco Javier Díez de Revenga.
260 ## - PUBLICACIÓN, DISTRIBUCIÓN, ETC.
Lugar de publicación, distribución, etc. Murcia :
Nombre del editor, distribuidor, etc. Universidad de Murcia, Departamento de Literatura Hispanoamericana,
Fecha de publicación, distribución, etc. [1985]
300 ## - DESCRIPCIÓN FÍSICA
Extensión 276 p. ;
Dimensiones 21 cm.
600 14 - PUNTO DE ACCESO ADICIONAL DE MATERIA--NOMBRE DE PERSONA
Nombre de persona Darío, Rubén,
Fechas asociadas al nombre 1867-1916-
Subdivisión general Crítica e interpretación
9 (RLIN) 42722
650 04 - PUNTO DE ACCESO ADICIONAL DE MATERIA--TÉRMINO DE MATERIA
Término de materia o nombre geográfico como elemento de entrada Literatura española-
Subdivisión general Historia y crítica
9 (RLIN) 14560
852 ## - LOCALIZACIÓN
Ubicación ES-MaACL
Número de control de estantería L-10400
Holdings
Estatus retirado Estado de pérdida Estado de daño No para préstamo Biblioteca de origen Biblioteca actual Ubicación en estantería Fecha de adquisición Fuente de adquisición Total de préstamos Signatura topográfica completa Código de barras Visto por última vez Precio de reemplazo Tipo de ítem Koha
        Biblioteca del Ateneo de Madrid Biblioteca del Ateneo de Madrid Depósito 2 17/01/2008     L-10400 1059226 23/02/2023 23/02/2023 Libro impreso